书目信息 |
| 题名: |
教育硕士专业学位论文写作指导
|
|
| 作者: | 蔡铁权 , 楼世洲 , 谢小芸 编著 | |
| 分册: | ||
| 出版信息: | 杭州 浙江大学出版社 2005.11 |
|
| 页数: | 284页 | |
| 开本: | 24cm | |
| 丛书名: | 教育硕士学习丛书 | |
| 单 册: | ||
| 中图分类: | G643.8 | |
| 科图分类: | ||
| 主题词: | 教育学--jiao yu xue--硕士--写作--学位论文 | |
| 电子资源: | ||
| ISBN: | 7-308-04537-4 | |
| 000 | 01158nam 2200301 450 | |
| 001 | 012007306593 | |
| 005 | 20071204114639.42 | |
| 010 | @a7-308-04537-4@dCNY28.00 | |
| 100 | @a20071204d2005 km y0chi0120 ea | |
| 101 | 0 | @achi |
| 102 | @aCN@b330000 | |
| 105 | @ak z 000yy | |
| 106 | @ar | |
| 200 | 1 | @a教育硕士专业学位论文写作指导@Ajiao yu shuo shi zhuan ye xue wei lun wen xie zuo zhi dao@f蔡铁权, 楼世洲, 谢小芸编著@Fcai tie quan,lou shi zhou,xie xiao yun bian zhu |
| 205 | @a修订版 | |
| 210 | @a杭州@c浙江大学出版社@d2005.11 | |
| 215 | @a284页@d24cm | |
| 225 | 2 | @a教育硕士学习丛书@Ajiao yu shuo shi xue xi cong shu |
| 307 | @a2006年10月第2次印刷 | |
| 330 | @a本书主要阐述教育硕士专业学位论文写作的特点,类型,意义,论文撰写过程中的各项准备工作和撰写方法,论文撰写规范,为广大中小学教师和管理人员攻读教育硕士,提供参考。 | |
| 410 | 0 | @12001 @a教育硕士学习丛书 |
| 606 | 0 | @a教育学@Ajiao yu xue@x硕士@x写作@j学位论文 |
| 690 | @aG643.8@v4 | |
| 701 | 0 | @a蔡铁权@Acai tie quan@4编著 |
| 701 | 0 | @a楼世洲@Alou shi zhou@4编著 |
| 701 | 0 | @a谢小芸@Axie xiao yun@4编著 |
| 801 | 0 | @aCN@bQSSK@c20071204 |
| 905 | @b270553-55@dG643.8@eC055@f3 | |
| 教育硕士专业学位论文写作指导/蔡铁权, 楼世洲, 谢小芸编著.-修订版.-杭州:浙江大学出版社,2005.11 |
| 284页;24cm.-(教育硕士学习丛书) |
| ISBN 7-308-04537-4:CNY28.00 |
| 本书主要阐述教育硕士专业学位论文写作的特点,类型,意义,论文撰写过程中的各项准备工作和撰写方法,论文撰写规范,为广大中小学教师和管理人员攻读教育硕士,提供参考。 |
| ● |
| 相关链接 |
|
|
|
正题名:教育硕士专业学位论文写作指导
索取号:G643.8/C055
 
预约/预借
| 序号 | 登录号 | 条形码 | 馆藏地/架位号 | 状态 | 备注 |
| 1 | 270553 | 202705536 | 社科库409/409社科库 12排1列2层/ [索取号:G643.8/C055] | 在馆 | |
| 2 | 270554 | 202705545 | 社科库409/409社科库 12排1列1层/ [索取号:G643.8/C055] | 在馆 | |
| 3 | 270555 | 202705554 | 社科库409/409社科库 12排1列2层/ [索取号:G643.8/C055] | 在馆 |